• 首页
  • 本馆介绍
  • 公告通知
  • 最新文献
  • 馆藏检索
  • 电子资源
  • 读者导购
  • 参考咨询
  • 我的图书馆
  • 登录
  • 详细信息显示
  • 放入我的书架
  • 预约/预借图书
  • 作者相关作品
  • 分类相关作品
  • 丛书相关作品
  • 出版社相关作品

书目信息

  • 表格格式
  • 工作单格式
  • 卡片格式
题名:
光合作用机理的寻觅者
    
 
作者: 黄元森 , 杨虚杰 著
分册:  
出版信息: 济南   山东科学技术出版社  2004
页数: 217页
开本: 20cm
丛书名: 中国首席科学家
单 册:
中图分类: Q945.11
科图分类:
主题词: 生物学家--生平事迹--中国--现代 , 生物学家 , 植物生物学
电子资源:
ISBN: 7-5331-3605-5
000 00916oam2 2200289 450
001 002743853
005 20061107093508.85
010    @a7-5331-3605-5@dCNY12.00
100    @a20041014d2004 em y0chiy0110 ea
101 0  @achi
102    @aCN@b370000
105    @aa z 000yb
200 1  @a光合作用机理的寻觅者@9guang he zuo yong ji li de xun mi zhe@f黄元森,杨虚杰著
210    @a济南@c山东科学技术出版社@d2004
215    @a217页@c照片@d20cm
225 2  @a中国首席科学家
330    @a本书介绍了女科学家匡廷云和她的同事们以及其他科学家在光合作用机理研究上的奋斗经历。
461  0 @12001 @a中国首席科学家
606 0  @a生物学家@x生平事迹@y中国@z现代
606 0  @a生物学家
606 0  @a植物生物学
610 0  @a匡廷云(女,1934~)
690    @aQ945.11@v4
701  0 @a黄元森@9huang yuan sen@f(1946.2~)@4著
701  0 @a杨虚杰@9yang xu jie@4著
801  0 @aCN@bNLC@c20061107
905    @a10447@dQ945.11@e142
    
    光合作用机理的寻觅者/黄元森,杨虚杰著.-济南:山东科学技术出版社,2004
    217页:照片;20cm.-(中国首席科学家)
    
    
    ISBN 7-5331-3605-5:CNY12.00
    本书介绍了女科学家匡廷云和她的同事们以及其他科学家在光合作用机理研究上的奋斗经历。
●
相关链接 在E读中查询图书 在五车中查询图书 在当当中查询图书 在豆瓣中查询图书


正题名:光合作用机理的寻觅者     索取号:Q945.11/142         预约/预借

序号 登录号 条形码 馆藏地/架位号 状态 备注
1 0381954   203819546   第二样本阅览室/ [索取号:Q945.11/142] 在馆    
2 0381955   203819555   第三借阅区/ [索取号:Q945.11/142] 在馆    
3 0381956   203819564   第三借阅区/ [索取号:Q945.11/142] 在馆    
4 0381957   203819573   第三借阅区/ [索取号:Q945.11/142] 在馆    
5 0381958   203819582   第三借阅区/ [索取号:Q945.11/142] 在馆    
唐山师范学院图书馆 欢迎您!
大连网信软件有限公司© 版权所有